The tipping point (Record no. 5)

MARC details
000 -BAŞLIK
Sabit Uzunlukta Kontrol Alanı 00860na a2200301 4500
001 - KONTROL NUMARASI
Denetim Alanı 12601
003 - KONTROL NUMARASI IDENTIFIER
Denetim Alanı MIRAKIL
005 - SON İŞLEM TARİHİ VE ZAMANI
Denetim Alanı 20181213154729.0
008 - SABİT-BOY VERİ ELEMANLARI - GENEL BİLGİLER
Sabit Uzunlukta Kontrol Alanı 161026b tu 000 0
020 ## - ULUSLARARASI STANDART KİTAP NUMARASI
Uluslararası Standart Kitap Numarası 0316346624
035 ## - SİSTEM KONTROL NUMARASI
Sistem Kontrol Numarası 12601
040 ## - KATALOGLAMA KAYNAK
Orijinal Kataloglama Ajansı Milas
Kataloglama Dili tur
Metne Dönüştürmek Ajansı TR-AnCHP
041 ## - DİL KODU
Metin / Ses Parça Veya Ayrı Başlığın Dil Kodu eng
082 ## - DEWEY ONLU SINIFLANDIRMA NUMARASI
Sınıflandırma Numarası 302
Ürün Numarası G42t 2000
090 ## - SINIFLAMA NUMARASI
Sınıflama Numarası 302 G42t 2000
100 ## - ANA GİRİŞ - KİŞİSEL İSİM
Kişisel Ad Gladwell, Malcolm
Bir Adıyla İlişkilendirilen Tarihler 1963-
245 ## - BAŞLIK TABLOSU
Başlık The tipping point
Başlığın Kalan how little things can make a big difference
Sorumluluk Tablosu, Vb Malcolm Gladwell
246 ## - UNVAN FORM VARYING
Başlık Doğru / Kısa Başlığı How little things can make a big difference
260 ## - YAYIN, DAĞITIM, VB
Yayın, Dağıtım, Vb Yeri New York
Yayıncı, Dağıtıcı, Vs Adı Back Bay Books
Yayın, Dağıtım, Vb Tarihi 2000
300 ## - FİZİKSEL TANIM
Kapsam 301 s.
Boyutlar 21 sm.
500 ## - GENEL NOT
Genel Not Kaynakça ve dizini var
650 ## - KONU KATMA GİRİŞ - TOPİKAL DÖNEM
Topikal Süreli Veya Coğrafi Ad Giriş Elemanı Nedensellik
650 ## - KONU KATMA GİRİŞ - TOPİKAL DÖNEM
Topikal Süreli Veya Coğrafi Ad Giriş Elemanı Sosyal bulaşma (Sosyal psikoloji)
650 ## - KONU KATMA GİRİŞ - TOPİKAL DÖNEM
Topikal Süreli Veya Coğrafi Ad Giriş Elemanı Bağlam (Psikoloji)
650 ## - KONU KATMA GİRİŞ - TOPİKAL DÖNEM
Topikal Süreli Veya Coğrafi Ad Giriş Elemanı Sosyal psikoloji
650 ## - KONU KATMA GİRİŞ - TOPİKAL DÖNEM
Topikal Süreli Veya Coğrafi Ad Giriş Elemanı Toplumsal etkileşim
942 ## - EKLENDİ GİRİŞ ELEMANLARI (KOHA)
Sınıflandırma Veya Raf Düzeni Kaynak Dewey Decimal Classification
Koha Öğesi Türü Books
999 ## - SİSTEM KONTROL NUMARALARI (KOHA)
Koha Biblionumber 5
Koha Biblioitemnumber 5
Holdings
Kalıcı Konum Mevcut Konum Edinme Tarihi Edinim Kaynak Toplam Check-Out'Lar Tam Çağrı Numarası Barkod Tarih Son Görülme İtibaren Geçerli Fiyatlar Koha Öğesi Türü
CHP Kütüphanesi CHP Kütüphanesi 07/27/2016 Bağış   302 G42t 2000 000148 07/27/2016 07/27/2016 Books